=LDR 00000nam 2200000 4500 =001 INLIS000000000013073 =005 20130612104524 =008 ***********************************Ind** =035 ##$$0010-061300000013073 =041 ##$$a Ind =082 ##$$a 372.6 =090 ##$$a 372.6, Sri b =100 ##$$a Sri Hermiyati, Noorsam =245 ##$$a Bahasa Indonesia bahasaku untuk taman kanak-kanak, Sri Hermiyati Noorsam =260 ##$$a 2000 $b Jakarta =300 ##$$a 40 hlm, ilus, 14 cm =650 ##$$a Pendidikan dasar - Bahasa Indonesia =850 ##$$a NBPNMAT